|
|
|
|
| LEADER |
00000nam a22000007a 4500 |
| 005 |
20211007221654.0 |
| 007 |
cr|||| |||| |
| 008 |
211007s2019 co |||||s|||| 00||0 spa d |
| 020 |
|
|
|a 978-958-8249-47-6
|
| 035 |
|
|
|a 35224
|
| 040 |
|
|
|a vLex
|
| 090 |
|
|
|c 12514
|d 12514
|
| 100 |
1 |
|
|a Leal, Claudia
|
| 245 |
1 |
0 |
|a Un pasado vivo
|h [Recurso electrn̤ico] :
|b Dos siglos de historia ambiental latinoamericana /
|c Claudia Leal, John Soluri, Jos ̌Augusto Pd̀ua
|
| 256 |
|
|
|a Servicio en ln̕ea
|
| 260 |
|
|
|a Bogot:̀
|b Universidad de Los Andes (Colombia),
|c 2019
|
| 300 |
|
|
|a 1 recurso electrn̤ico
|
| 506 |
1 |
|
|a Disponible solo en los productos indicados
|d vLex Global
|d vLex Global (Academic Edition, excluding Law Schools)
|d vLex Global (U.S. Academic Edition, Law Schools)
|d vLex Global (U.S. Academic Edition, excluding Law Schools)
|d vLex Global (Academic Edition, Law Schools)
|
| 650 |
0 |
4 |
|a Derecho Pb︢lico y Administrativo
|z Colombia
|
| 700 |
|
|
|a Soluri, John
|
| 700 |
|
|
|a Pd̀ua, Jos ̌Augusto
|
| 740 |
0 |
|
|a vLex Libros (Servicio en ln̕ea)
|
| 856 |
4 |
0 |
|u https://app.vlex.com/#/sources/35224
|z Acceso restringido
|
| 942 |
|
|
|c BOOK
|
| 999 |
0 |
|
|a Public and Administrative Law
|